Statistics for 2018 NBA Playoffs

Click here to take the quiz!

General Stats

  • This quiz has been taken 279 times
  • The average score is 31 of 40

Answer Stats

Hint Answer % Correct
First RoundCleveland Cavaliers
96%
First RoundToronto Raptors
95%
First RoundHouston Rockets
92%
First RoundIndiana Pacers
92%
First RoundGolden State Warriors
92%
Conference SemifinalsCleveland Cavaliers
91%
Conference SemifinalsHouston Rockets
91%
First RoundBoston Celtics
91%
Conference SemifinalsGolden State Warriors
90%
NBA FinalsCleveland Cavaliers
89%
Conference FinalsGolden State Warriors
89%
First RoundPhiladelphia 76ers
89%
Conference FinalsCleveland Cavaliers
89%
First RoundOklahoma City Thunder
88%
First RoundSan Antonio Spurs
88%
Conference FinalsHouston Rockets
88%
Conference SemifinalsBoston Celtics
88%
NBA FinalsGolden State Warriors
87%
First RoundUtah Jazz
87%
Conference SemifinalsToronto Raptors
87%
Conference FinalsBoston Celtics
86%
First RoundPortland Trail Blazers
85%
First RoundMilwaukee Bucks
84%
Conference SemifinalsUtah Jazz
84%
Conference SemifinalsPhiladelphia 76ers
83%
First RoundNew Orleans Pelicans
83%
Conference SemifinalsNew Orleans Pelicans
82%
Points PlayoffsLeBron James
80%
First RoundMiami Heat
79%
Points NBA FinalsLeBron James
78%
First RoundWashington Wizards
78%
First RoundMinnesota Timberwolves
75%
Assists NBA FinalsLeBron James
66%
Rebounds NBA FinalsKevin Love
57%
Steals NBA FinalsDraymond Green
55%
Blocks NBA FinalsKevin Durant
54%
Rebounds PlayoffsAnthony Davis
43%
Assists PlayoffsRajon Rondo
30%
Blocks PlayoffsAnthony Davis
29%
Steals PlayoffsVictor Oladipo
16%

Score Distribution

Percentile by Number Answered

Percent of People with Each Score

Your Score History

You have not taken this quiz